Normal view
MARC view
- التمارين الرياضية-العلاج الطبيعي-الوظائف الفسيولوجية-الذكاء الاصطناعي
Entry Topical Term
001 - CONTROL NUMBER
- control field: 66752
003 - CONTROL NUMBER IDENTIFIER
- control field: JO-AjAnu
005 - DATE AND TIME OF LATEST TRANSACTION
- control field: 20251012100344.0
008 - FIXED-LENGTH DATA ELEMENTS
- fixed length control field: 251012|| aca||babn | a|a d
040 ## - CATALOGING SOURCE
- Original cataloging agency: JO-AjAnu
150 ## - HEADING--TOPICAL TERM
- Topical term or geographic name entry element: التمارين الرياضية-العلاج الطبيعي-الوظائف الفسيولوجية-الذكاء الاصطناعي